<?xml version="1.0" encoding="UTF-8"?>
<marc:record xmlns:marc="http://www.loc.gov/MARC21/slim">
   <marc:leader>00000nam a2200000 a 4500</marc:leader>
   <marc:datafield ind1="1" ind2=" " tag="100">
      <marc:subfield code="a">Fesl, Anemone</marc:subfield>
      <marc:subfield code="4">aut</marc:subfield>
      <marc:subfield code="e">Verfasser/-in</marc:subfield>
   </marc:datafield>
   <marc:datafield ind1=" " ind2=" " tag="653">
      <marc:subfield code="a">Deutsch</marc:subfield>
   </marc:datafield>
   <marc:datafield ind1=" " ind2=" " tag="653">
      <marc:subfield code="a">Fremdsprache</marc:subfield>
   </marc:datafield>
   <marc:datafield ind1=" " ind2=" " tag="653">
      <marc:subfield code="a">Grundwortschatz</marc:subfield>
   </marc:datafield>
   <marc:datafield ind1=" " ind2=" " tag="653">
      <marc:subfield code="a">Lernen/Deutsch als Zweitsprache</marc:subfield>
   </marc:datafield>
   <marc:datafield ind1=" " ind2=" " tag="653">
      <marc:subfield code="a">Aufgabensammlung</marc:subfield>
   </marc:datafield>
   <marc:datafield ind1="0" ind2="0" tag="245">
      <marc:subfield code="a">Tatort St. Pauli</marc:subfield>
   </marc:datafield>
   <marc:datafield ind1="0" ind2="0" tag="245">
      <marc:subfield code="b">4 Kurzkrimis für geübte Anfänger ; Lernziel Deutsch Grundwortschatz</marc:subfield>
   </marc:datafield>
   <marc:datafield ind1="0" ind2="0" tag="245">
      <marc:subfield code="c">Story: Anemone Fesl. Übungen: Ingrid Schleicher. [Chefred.: Angela Sendlinger</marc:subfield>
   </marc:datafield>
   <marc:datafield ind1=" " ind2="1" tag="264">
      <marc:subfield code="a">München</marc:subfield>
      <marc:subfield code="b">Compact-Verl.</marc:subfield>
      <marc:subfield code="c">2008</marc:subfield>
   </marc:datafield>
   <marc:datafield ind1="1" ind2=" " tag="490">
      <marc:subfield code="a">Lernkrimi Deutsch</marc:subfield>
   </marc:datafield>
   <marc:datafield ind1="1" ind2=" " tag="520">
      <marc:subfield code="a">Angaben aus der Verlagsmeldung

Tatort St. Pauli : Compact Lernkrimi Kurzkrimi Lernziel Deutsch Grundwortschatz. Für geübte Anfänger (Niveau A2). Lernkrimi Deutsch als Fremdsprache

Fesselnde Kriminalgeschichten und Sprachtraining in einem! Ein Band mit 4 spannenden Kurzkrimis auf leichtem Sprachniveau für Anfänger mit Grundkenntnissen. Durch die Lektüre der Kurzkrimis werden erste Deutschkenntnisse angewandt und vertieft. Unterschiedliche, in den Text integrierte Übungsformen, wie z. B. Lückentext, Multiple Choice, Rätsel oder Umform-Aufgaben werden passend zum Inhalt und Lernziel aufbereitet. Die Aufgaben werden vom Leser selbst bearbeitet und die Lösungen direkt ins Buch eingetragen. Im hinteren Teil des Buches befinden sich die Lösungen und ein Abschlusstest, der dem Lernenden Aufschluss über seinen sprachlichen Fortschritt gibt. Die Aufeinanderfolge von reiner Story und Übungsaufgaben macht das Buch spannend und unterhaltsam. Das Interesse am Fortgang des Krimis regt zum aktiven Lesen und Lernen an. Das Buch ist konzipiert für geübte Anfänger (Niveau A2 des Gemeinsamen Europäischen Referenzrahmens).

Mit zahlreichen Übungen und einem Abschlusstest.
</marc:subfield>
   </marc:datafield>
   <marc:datafield ind1=" " ind2=" " tag="020">
      <marc:subfield code="a">9783817478095</marc:subfield>
      <marc:subfield code="9">9783817478095</marc:subfield>
   </marc:datafield>
   <marc:datafield ind1=" " ind2=" " tag="041">
      <marc:subfield code="a">ger</marc:subfield>
   </marc:datafield>
   <marc:datafield ind1=" " ind2=" " tag="300">
      <marc:subfield code="a">144 S.</marc:subfield>
   </marc:datafield>
</marc:record>
